| 000 -ლიდერი |
| ფიქსირებული სიგრძის საკონტროლო ველი |
01772nam a22002537a 4500 |
| 003 - საკონტროლო ნომრის იდენტიფიკატორი |
| საკონტროლო ველი |
Ge_BSU |
| 005 - ბოლო ოპერაციის თარიღი და დრო |
| საკონტროლო ველი |
20220601125604.0 |
| 008 - ფიქსირებული სიგრძის მონაცემთა ელემენტები - ზოგადი ინფორმაცია |
| ფიქსირებული სიგრძის საკონტროლო ველი |
220601s2016 ge ||||| |||| 00| 0 geo d |
| 020 ## - წიგნის საერთაშორისო სტანდარტული ნომერი |
| International Standard Book Number |
9789941164705 |
| 041 ## - ენის კოდი |
| Language code of text/sound track or separate title |
geo |
| 080 ## - უნივერსალური ათობითი კლასიფიკაციის ინდექსი |
| Universal Decimal Classification number |
316.472.3(042.4) ო-64 |
| 100 ## - მთავარი ჩანაწერი - პიროვნების სახელი |
| Personal name |
ორტეგა, ი გასეტი ხოსე |
| 9 (RLIN) |
13150 |
| 245 ## - ცნობა სათაურის შესახებ |
| Title |
ადამიანი და ხალხი : |
| Remainder of title |
[ლექციების კურსი] / |
| Statement of responsibility, etc |
ხოსე ორტეგა ი გასეტი ; ესპანურიდან თარგმნა ზურაბ წიქარიძემ ; რედაქტორები: ქართული ტექსტის რეზო მირიანაშვილი, ესპანურიდან თარგმანის ნინო ფიფია ; გარეკანის დიზაინი სოფო კობიძისა. |
| 264 ## - წარმოების, გამოცემის, დისტრიბუციის და სხვა ცნობები |
| გამოცემის, წარმოების, დისტრიბუციის... ადგილი |
თბილისი, |
| გამოცემის, წარმოების, დისტრიბუციის... სახელწოდება |
საქართველოს მაცნე, |
| გამოცემის, წარმოების, დისტრიბუციის... თარიღი |
2016. |
| 300 ## - ფიზიკური აღწერა |
| Extent |
287 გვ. ; |
| Other physical details |
21 სმ. |
| 501 ## - შენიშვნა თანმხლებ მასალაზე |
| With note |
შენიშვნები გვ. 274-286 |
| 653 ## - INDEX TERM--UNCONTROLLED |
| Uncontrolled term |
საზოგადოებრივი ურთიერთობები |
| 653 ## - INDEX TERM--UNCONTROLLED |
| Uncontrolled term |
საზოგადოებრივი აზრი |
| 700 ## - ADDED ENTRY--PERSONAL NAME |
| Personal name |
წიქარიძე, ზურაბ |
| Relator term |
მთარგმნელი, წინასიტყვაობის ავტორი. |
| 9 (RLIN) |
13933 |
| 700 ## - ADDED ENTRY--PERSONAL NAME |
| Personal name |
მირიანაშვილი, რეზო |
| Relator term |
რედაქტორი. |
| 9 (RLIN) |
13934 |
| 700 ## - ADDED ENTRY--PERSONAL NAME |
| Personal name |
ფიფია, ნინო |
| Relator term |
რედაქტორი |
| 9 (RLIN) |
13935 |
| 700 ## - ADDED ENTRY--PERSONAL NAME |
| Personal name |
კობიძე, სოფო |
| Relator term |
გარეკანის დიზაინერი |
| 9 (RLIN) |
13936 |
| 942 ## - ADDED ENTRY ELEMENTS (KOHA) |
| Source of classification or shelving scheme |
|
| Koha item type |
წიგნი |